000
00340nam a22001457a 4500
008
210531b ||||| |||| 00| 0 eng d
020
_a
2900321841079
041
_a
eng
080
_a
521
082
_a
521
100
_a
42
101
_a
AST
245
_a
The Cosmic Perspective Stars, Galaxies & Cosmology
_c
Bennett,J
942
_2
udc
_c
BK
999
_c
57868
_d
57868